000 00605nam a2200205 i 4500
001 42733
003 ES-MaACL
005 20230906160653.0
007 t|
008 030313s1977 sp ||||1| spa d
100 1 _aCerda Olmedo, E.
_937463
245 1 0 _aGenética microbiana... /
_cdirección y coordinación E. Cerdá Olmedo.
250 _a1º ed.
260 _a[Madrid] :
_bAlhambra,
_c[1977]
300 _aX, 311 p. :
_bil. ;
_c21 cm.
490 1 _aTemas selectos de Biología
830 0 _aTemas selectos de Biología
_9183804
852 _aES-MaACL
_jA-7351
_bR.96172
999 _c42733
_d42733